|
|
|
|
| LEADER |
01269nam a2200289 u 4500 |
| 001 |
10085741 |
| 003 |
upatras |
| 005 |
20210117202541.0 |
| 008 |
100618s1980 ne eng |
| 020 |
|
|
|a 9090001476
|
| 040 |
|
|
|a GR-PaULI
|c GR-PaULI
|
| 041 |
0 |
|
|a eng
|
| 082 |
0 |
4 |
|a 570.282 5
|
| 245 |
1 |
0 |
|a Biology
|b proceedings of the Seventh European Congress on Electron Microscopy, The Hague, The Netherlands, August 24-29, 1980
|c editors: P. Brederoo and W. de Priester
|
| 260 |
|
|
|a Leiden
|b Seventh European Congress on Electron Microscopy Foundation
|c 1980
|
| 300 |
|
|
|a xl. 837 p.
|b fig.
|c 27 cm.
|
| 490 |
0 |
|
|a Electron Microscopy
|v 2
|
| 504 |
|
|
|a Includes bibliographical references and index
|
| 650 |
|
4 |
|a Ηλεκτρονικά μικροσκόπια
|9 9560
|
| 650 |
|
4 |
|a Μικροσκόπιο και μικροσκόπηση
|9 88073
|
| 700 |
1 |
|
|a Brederoo, P.
|4 edt
|9 88074
|
| 760 |
0 |
|
|a Electron Microscopy
|g 2
|
| 852 |
|
|
|a GR-PaULI
|b ΠΑΤΡΑ
|b ΒΚΠ
|b ΒΣ1
|k ΑΣΧΞ
|h 570.282 5 BRE
|m 102164
|p 025000183821
|t 1
|
| 942 |
|
|
|2 ddc
|c BK15
|
| 952 |
|
|
|0 0
|1 0
|4 0
|6 570_282000000000000_5_BRE
|7 0
|9 91731
|a LISP
|b LISP
|c BSC
|d 2016-04-24
|i 102164
|l 0
|o 570.282 5 BRE
|p 025000183821
|r 2016-04-24 00:00:00
|t 1
|w 2016-04-24
|y BK15
|
| 998 |
|
|
|c ΒΑΣΙΛΕΙΟΥ
|d 2010-06
|
| 999 |
|
|
|c 61505
|d 61505
|